[Event "Michigan Open"]
[Site "Cadillac, MI"]
[Date "1999.09.??"]
[Round "5"]
[White "Jarosz, Stan"]
[Black "Manion, Tom"]
[Result "0-1"]
[WhiteElo "2025"]
[BlackElo "1833"]
[PlyCount "148"]
[EventDate "1999.09.03"]

1. d4 f5 2. Nc3 d5 3. h3 Nf6 4. Bg5 Nbd7 5. e3 h6 6. Bxf6 Nxf6 7. Bd3 e6 8. Qf3
Bb4 9. Nge2 Qe7 10. O-O-O Bd7 11. Rdg1 O-O-O 12. g4 Ne4 13. Nd1 Bd2+ 14. Kb1
Ba5 15. Qg2 g5 16. gxf5 exf5 17. h4 g4 18. Nf4 Qf7 19. Bxe4 dxe4 20. Qf1 Be6
21. Nxe6 Qxe6 22. Qb5 Rd5 23. Qb3 Rd6 24. Qxe6+ Rxe6 25. h5 Rd8 26. c4 Rc6 27.
b3 Bb4 28. Kb2 Ra6 29. a4 Rad6 30. Nc3 Bxc3+ 31. Kxc3 a5 32. c5 Rc6 33. b4
axb4+ 34. Kxb4 b6 35. Rc1 Kb7 36. cxb6 Rxb6+ 37. Ka3 Rg8 38. Rc5 Rg5 39. Rhc1
c6 40. Rh1 Kc7 41. d5 Kd6 42. Rxc6+ Rxc6 43. dxc6 Kxc6 44. Kb4 Kb6 45. Kc4 Ka5
46. Kd4 Kxa4 47. Ke5 Kb5 48. Kf4 Kc4 49. Rd1 Rxh5 50. Rd4+ Kc5 51. Rd8 Rh2 52.
Kxf5 Rxf2+ 53. Kxg4 Rf3 54. Rd1 Rxe3 55. Kf4 Re2 56. Rh1 Kd4 57. Rd1+ Kc3 58.
Rd6 h5 59. Rc6+ Kd4 60. Rd6+ Kc5 61. Rd8 h4 62. Rc8+ Kd4 63. Rd8+ Kc3 64. Rc8+
Kd2 65. Rd8+ Ke1 66. Rh8 e3 67. Kf3 h3 68. Ra8 Kf1 69. Ra1+ Re1 70. Ra8 h2 71.
Rh8 Re2 72. Rh7 Rf2+ 73. Kxe3 Kg1 74. Rh8 Rg2 0-1

[Event "Michigan Open"]
[Site "Cadillac, MI"]
[Date "1999.09.??"]
[Round "2"]
[White "Jarosz, Stan"]
[Black "Garrison, Ray"]
[Result "1-0"]
[WhiteElo "2025"]
[BlackElo "1938"]
[PlyCount "61"]
[EventDate "1999.09.03"]

1. d4 e5 2. dxe5 Nc6 3. Nf3 Qe7 4. Bf4 Qb4+ 5. Bd2 Qxb2 6. Nc3 Bb4 7. Rb1 Qa3
8. Rb3 Qa5 9. a3 Bxc3 10. Bxc3 Qc5 11. e3 Nge7 12. Be2 Ng6 13. Qd2 a6 14. O-O
Ngxe5 15. Nxe5 Nxe5 16. f4 Nc4 17. Bxc4 Qxc4 18. Bxg7 Rg8 19. Rb4 Qe6 20. f5
Qc6 21. Qd4 f6 22. Rc4 Qb6 23. Qxb6 cxb6 24. Bxf6 Rf8 25. Be5 d5 26. Rc7 Bxf5
27. Bg7 Rf7 28. Rxf7 Kxf7 29. Rxf5+ Kxg7 30. Rxd5 Rc8 31. Rd7+ 1-0

[Event "Michigan Open Reserve"]
[Site "Cadillac, MI"]
[Date "1999.09.??"]
[Round "3"]
[White "Imai, Toshio"]
[Black "Goud, Satish"]
[Result "0-1"]
[WhiteElo "1500"]
[BlackElo "1581"]
[PlyCount "66"]
[EventDate "1999.09.03"]

1. e4 e6 2. d4 d5 3. e5 c5 4. c3 Nc6 5. Nf3 Qb6 6. Bd3 cxd4 7. cxd4 Bd7 8. O-O
Nxd4 9. Nxd4 Qxd4 10. Nc3 a6 11. Re1 Ne7 12. Be3 Qxe5 13. g3 Nc6 14. Bf4 Qd4
15. Be3 Qb4 16. Nxd5 Qd6 17. Nc3 Nb4 18. Be4 Qxd1 19. Raxd1 Bc6 20. Bb1 Be7 21.
a3 Bf3 22. Rd2 Nc6 23. Ne4 O-O 24. Ng5 Bxg5 25. Bxg5 h6 26. Be3 Rfd8 27. Rxd8+
Rxd8 28. Bb6 Rd2 29. b4 Rd1 30. Rxd1 Bxd1 31. Kf1 Ne5 32. f4 Nc4 33. Ke1 Nxb6
0-1

[Event "Michigan Open"]
[Site "Cadillac, MI"]
[Date "1999.09.??"]
[Round "6"]
[White "Hartwig, Thomas"]
[Black "Smith, Walt"]
[Result "1/2-1/2"]
[WhiteElo "2076"]
[BlackElo "1995"]
[PlyCount "36"]
[EventDate "1999.09.03"]

1. e4 Nf6 2. e5 Nd5 3. d4 d6 4. Nf3 c6 5. c4 Nc7 6. Be2 dxe5 7. Nxe5 Nd7 8. Nf3
g6 9. O-O Bg7 10. Nc3 O-O 11. Bf4 Ne6 12. Bg3 Qb6 13. d5 Nec5 14. Qc2 Nf6 15.
Nd4 Nce4 16. Nxe4 Qxd4 17. Nxf6+ Bxf6 18. Rfd1 Qxb2 1/2-1/2

[Event "Michigan Open"]
[Site "Cadillac, MI"]
[Date "1999.09.??"]
[Round "5"]
[White "Hartwig, Thomas"]
[Black "Moody, David"]
[Result "1-0"]
[WhiteElo "2076"]
[BlackElo "1939"]
[PlyCount "83"]
[EventDate "1999.09.03"]

1. e4 e5 2. Nf3 Nc6 3. Bb5 a6 4. Ba4 Nf6 5. O-O Be7 6. Qe2 b5 7. Bb3 d6 8. c3
O-O 9. h3 h6 10. d4 exd4 11. cxd4 Re8 12. e5 Bf8 13. Bxh6 dxe5 14. Nxe5 Nxe5
15. dxe5 gxh6 16. Qf3 Bb7 17. Qxf6 Qxf6 18. exf6 Re2 19. Nc3 Rxb2 20. Rad1 c5
21. Rd7 c4 22. Nd1 Re2 23. Rxb7 cxb3 24. axb3 Re6 25. Ne3 Rxf6 26. Rc1 a5 27.
Rxb5 a4 28. bxa4 Rxa4 29. Rb8 Kg7 30. Rcc8 Ra1+ 31. Nf1 Bd6 32. Rg8+ Kh7 33.
Rh8+ Kg6 34. Rhg8+ Kh7 35. Ra8 Rc1 36. g4 Rg6 37. Rh8+ Kg7 38. Rag8+ Kf6 39.
Rxh6 Bc5 40. Rhxg6+ fxg6 41. Rd8 Rc2 42. Rd2 1-0

[Event "Michigan Open"]
[Site "Cadillac, MI"]
[Date "1999.09.??"]
[Round "3"]
[White "Hartwig, Thomas"]
[Black "Manion, Tom"]
[Result "1/2-1/2"]
[WhiteElo "2076"]
[BlackElo "1833"]
[PlyCount "81"]
[EventDate "1999.09.03"]

1. e4 e5 2. Nf3 Nf6 3. Nxe5 d6 4. Nf3 Nxe4 5. d4 d5 6. Bd3 Bd6 7. O-O O-O 8. c4
c6 9. Nc3 Nxc3 10. bxc3 dxc4 11. Bxc4 Bg4 12. h3 Bh5 13. Rb1 Nd7 14. a4 Qc7 15.
Bd3 Nf6 16. Bg5 Nd5 17. Bc2 h6 18. Bd2 Bf4 19. c4 Bxd2 20. Qxd2 Nf4 21. Ne5
Ne2+ 22. Kh1 Rad8 23. Qd3 f5 24. Nf3 Bxf3 25. Qxf3 Nxd4 26. Qc3 Nxc2 27. Qxc2
Rf7 28. Rfd1 Rfd7 29. Rxd7 Qxd7 30. Qb3 Rb8 31. Rd1 Qe6 32. Qc3 Re8 33. Kg1 b6
34. c5 Qe5 35. Qb3+ Qe6 36. Qxe6+ Rxe6 37. Rd7 Re1+ 38. Kh2 bxc5 39. Rxa7 Ra1
40. Ra5 Rc1 41. Ra6 1/2-1/2

[Event "Michigan Open"]
[Site "Cadillac, MI"]
[Date "1999.09.??"]
[Round "3"]
[White "Hankinson, Chris"]
[Black "Smith, Walt"]
[Result "1/2-1/2"]
[WhiteElo "2014"]
[BlackElo "1995"]
[PlyCount "77"]
[EventDate "1999.09.03"]

1. Nc3 Nf6 2. e4 d5 3. exd5 Nxd5 4. Bc4 c6 5. Qf3 Be6 6. Ne4 Nc7 7. Bxe6 Nxe6
8. c3 Nd7 9. d4 g6 10. h4 h5 11. Nh3 Bg7 12. Nhg5 Nxg5 13. hxg5 Qa5 14. b4 Qd5
15. Qe2 f5 16. gxf6 Nxf6 17. f3 Nxe4 18. fxe4 Qe6 19. Rh3 a5 20. b5 cxb5 21.
Qxb5+ Qc6 22. Qxc6+ bxc6 23. Rg3 Kf7 24. Ba3 Bf6 25. Ke2 h4 26. Rf3 Kg7 27.
Raf1 Rhf8 28. Kd3 Bg5 29. Rxf8 Rxf8 30. Rxf8 Kxf8 31. Kc4 Bd2 32. Kd3 Be1 33.
c4 g5 34. Bc1 g4 35. Bf4 Kf7 36. e5 e6 37. Ke4 h3 38. gxh3 gxh3 39. Kf3 1/2-1/2

[Event "Michigan Open"]
[Site "Cadillac, MI"]
[Date "1999.09.??"]
[Round "1"]
[White "Hankinson, Chris"]
[Black "Morris, Jewell"]
[Result "1-0"]
[WhiteElo "2014"]
[BlackElo "1864"]
[PlyCount "75"]
[EventDate "1999.09.03"]

1. Nc3 d5 2. e4 d4 3. Nb1 e5 4. Bc4 Nc6 5. d3 Nf6 6. a3 Be7 7. f4 exf4 8. Bxf4
Be6 9. Nd2 O-O 10. e5 Nd5 11. Bxd5 Qxd5 12. Ngf3 Bg4 13. O-O h6 14. h3 Bh5 15.
Qe1 Nd8 16. Ne4 Ne6 17. Bh2 Bg6 18. Nfd2 Rae8 19. Qg3 c5 20. Rae1 Ng5 21. h4
Ne6 22. Nf6+ gxf6 23. h5 Ng5 24. exf6 Bxf6 25. Rxe8 Bxh5 26. Rxf8+ Kxf8 27.
Rxf6 Bg6 28. Nc4 Kg7 29. Qe5 Qxe5 30. Bxe5 Kh7 31. Nd6 b6 32. Nf5 Ne6 33. g4
Ng5 34. Kg2 Ne6 35. Ne7 Ng5 36. Rd6 Ne6 37. Rd8 Ng7 38. Rg8 1-0

[Event "Michigan Open"]
[Site "Cadillac, MI"]
[Date "1999.09.??"]
[Round "7"]
[White "Hankinson, Chris"]
[Black "Hahn, David"]
[Result "0-1"]
[WhiteElo "2014"]
[BlackElo "2159"]
[PlyCount "88"]
[EventDate "1999.09.03"]

1. e4 g6 2. d4 Bg7 3. Nc3 d6 4. Bc4 Nc6 5. Be3 Nf6 6. f3 a6 7. a4 e5 8. Nge2
exd4 9. Nxd4 O-O 10. Nxc6 bxc6 11. Qd2 Rb8 12. Rb1 d5 13. exd5 Nxd5 14. Nxd5
Qh4+ 15. Qf2 Qxc4 16. Ne7+ Kh8 17. Nxc8 Rfxc8 18. Qe2 Qxa4 19. b3 Qh4+ 20. g3
Qh3 21. Kf2 Re8 22. Rbd1 Re6 23. Rd3 Rbe8 24. Qf1 Qxf1+ 25. Rxf1 Rxe3 26. Rxe3
Bd4 27. Rfe1 Kg7 28. f4 Kf6 29. Kf3 Bxe3 30. Rxe3 Rxe3+ 31. Kxe3 Kf5 32. h3 c5
33. Kd3 Ke6 34. c4 h5 35. g4 hxg4 36. hxg4 f6 37. Ke3 f5 38. g5 Kd6 39. Kd3 Kc6
40. Kc3 Kb6 41. Kb2 Ka5 42. Kc3 c6 43. Kc2 Kb4 44. Kb2 a5 0-1

[Event "Michigan Open"]
[Site "Cadillac, MI"]
[Date "1999.09.??"]
[Round "6"]
[White "Hankinson, Chris"]
[Black "Calton, Bill"]
[Result "1/2-1/2"]
[WhiteElo "2014"]
[BlackElo "2222"]
[PlyCount "29"]
[EventDate "1999.09.03"]

1. Nc3 d5 2. e4 Nf6 3. exd5 Nxd5 4. Bc4 Nb6 5. Bb3 Nc6 6. Nf3 Bf5 7. d4 Na5 8.
O-O Nxb3 9. axb3 e6 10. Re1 Be7 11. Bf4 O-O 12. Ne5 Nd5 13. Nxd5 exd5 14. Nd3
c6 15. Qf3 1/2-1/2

[Event "Michigan Open"]
[Site "Cadillac, MI"]
[Date "1999.09.??"]
[Round "3"]
[White "Hahn, David"]
[Black "Fischvogt, Eric"]
[Result "1-0"]
[WhiteElo "2159"]
[BlackElo "2200"]
[PlyCount "81"]
[EventDate "1999.09.03"]

1. c4 c5 2. g3 Nf6 3. Bg2 e6 4. Nf3 d5 5. O-O Nc6 6. cxd5 exd5 7. d4 Be7 8. Nc3
O-O 9. Bg5 cxd4 10. Nxd4 h6 11. Be3 Re8 12. Rc1 Na5 13. Ncb5 Nc4 14. Bf4 Nxb2
15. Qc2 Nc4 16. Nc7 g5 17. Nxe8 Qxe8 18. Bd2 Bd7 19. Bc3 Nd6 20. Qb3 Ba4 21.
Qb1 Qd7 22. Nb3 Nde4 23. Bxf6 Bxf6 24. Bxe4 dxe4 25. Nc5 Qb5 26. Nxa4 Qxa4 27.
Qxb7 Re8 28. Qc6 Qxc6 29. Rxc6 Kg7 30. e3 Re7 31. Rfc1 Be5 32. g4 f6 33. R6c4
Kg6 34. Kg2 h5 35. Rxe4 hxg4 36. Rxg4 Rh7 37. h3 Rd7 38. Ra4 Rd2 39. Rxa7 Kf5
40. Ra4 Ke6 41. Rc5 1-0

[Event "Michigan Open"]
[Site "Cadillac, MI"]
[Date "1999.09.??"]
[Round "6"]
[White "Hahn, David"]
[Black "Czuhai, Kevin"]
[Result "0-1"]
[WhiteElo "2159"]
[BlackElo "2257"]
[PlyCount "54"]
[EventDate "1999.09.03"]

1. c4 f5 2. g3 d5 3. Bg2 c6 4. d4 dxc4 5. Nf3 Nf6 6. O-O Be6 7. Nbd2 Nbd7 8.
Qc2 Nb6 9. Ng5 Qd7 10. e4 fxe4 11. Nxe6 Qxe6 12. Nxe4 Nxe4 13. Bxe4 g6 14. Bg5
O-O-O 15. Rfe1 Rxd4 16. Bf4 Bg7 17. Bg2 Qd7 18. Be3 Rf8 19. Rad1 e5 20. Bxd4
exd4 21. Qe4 d3 22. b3 d2 23. Re3 c3 24. Bf1 Bd4 25. Rd3 c2 26. R1xd2 c1=Q 27.
Rxd4 Qxd2 0-1

[Event "Michigan Open"]
[Site "Cadillac, MI"]
[Date "1999.09.??"]
[Round "2"]
[White "Hahn, David"]
[Black "Bailey, Greg"]
[Result "1-0"]
[WhiteElo "2159"]
[BlackElo "1911"]
[PlyCount "97"]
[EventDate "1999.09.03"]

1. c4 Nf6 2. Nc3 g6 3. e4 d6 4. d4 Bg7 5. f3 O-O 6. Bg5 Nbd7 7. Nge2 c5 8. d5
Ne5 9. Ng3 a6 10. a4 Qb6 11. Ra3 e6 12. Be2 exd5 13. exd5 Re8 14. O-O Rb8 15.
h3 h6 16. Bd2 Kh7 17. f4 Ned7 18. h4 Ng8 19. Nge4 f5 20. Nf2 Ndf6 21. Bf3 h5
22. Nh3 Nh6 23. Ng5+ Kg8 24. Rb3 Qc7 25. Re1 Bd7 26. Ne6 Bxe6 27. dxe6 Qe7 28.
g3 Nhg4 29. Bxg4 hxg4 30. Bc1 Qc7 31. Nd5 Nxd5 32. Qxd5 Re7 33. Rd1 Bd4+ 34.
Be3 Bxe3+ 35. Rxe3 Rbe8 36. Qxd6 Qxd6 37. Rxd6 Kg7 38. Re5 Kf6 39. Rxc5 Rxe6
40. Rcd5 Rxd6 41. Rxd6+ Re6 42. Rxe6+ Kxe6 43. Kf2 Kd6 44. Ke3 Kc5 45. Kd3 Kb4
46. Kd4 Kxa4 47. Ke5 Kb3 48. Kf6 Kxb2 49. Kxg6 1-0

[Event "Michigan Open"]
[Site "Cadillac, MI"]
[Date "1999.09.??"]
[Round "7"]
[White "Garrison, Ray"]
[Black "Vandivier, Don"]
[Result "1-0"]
[WhiteElo "1938"]
[BlackElo "1811"]
[PlyCount "41"]
[EventDate "1999.09.03"]

1. e4 c5 2. d4 cxd4 3. c3 d3 4. Bxd3 Nc6 5. f4 d6 6. Nf3 g6 7. O-O Nf6 8. Bc4
Qb6+ 9. Kh1 Nxe4 10. Bxf7+ Kxf7 11. Qd5+ Kg7 12. Qxe4 Bf5 13. Qe3 Qa6 14. Nbd2
e6 15. h3 h5 16. c4 Nb4 17. Qc3+ Kh7 18. Qxb4 d5 19. Qb5 dxc4 20. Ng5+ Kg8 21.
Qd7 1-0

[Event "Michigan Open"]
[Site "Cadillac, MI"]
[Date "1999.09.??"]
[Round "5"]
[White "Garrison, Ray"]
[Black "Roe, Philip"]
[Result "1-0"]
[WhiteElo "1938"]
[BlackElo "2050"]
[PlyCount "47"]
[EventDate "1999.09.03"]

1. e4 c5 2. d4 cxd4 3. c3 dxc3 4. Nxc3 e6 5. Nf3 Nc6 6. Bc4 d6 7. O-O Be7 8.
Qe2 a6 9. Rd1 b5 10. Bb3 Qc7 11. Bf4 Nf6 12. Rac1 Qb8 13. Nxb5 Qxb5 14. Qxb5
axb5 15. Rxc6 Nxe4 16. Nd4 Bd7 17. Rc7 e5 18. Bd5 Ra4 19. Bxe4 exf4 20. Bf5
Bxf5 21. Nxf5 Bd8 22. Nxd6+ Kf8 23. Re1 Bxc7 24. Re8# 1-0

[Event "Michigan Open"]
[Site "Cadillac, MI"]
[Date "1999.09.??"]
[Round "1"]
[White "Garrison, Ray"]
[Black "Kulbacki, James"]
[Result "0-1"]
[WhiteElo "1938"]
[BlackElo "2028"]
[PlyCount "64"]
[EventDate "1999.09.03"]

1. b3 d5 2. Bb2 Bf5 3. Nf3 e6 4. e3 Nf6 5. Be2 Be7 6. Nh4 Bg6 7. a3 c6 8. O-O
Nbd7 9. f4 Qb6 10. f5 exf5 11. Nxf5 Bxf5 12. Rxf5 O-O 13. Qe1 Ne4 14. Nc3 Ndf6
15. Nxe4 Nxe4 16. Bd3 g6 17. Bxe4 dxe4 18. Rf6 Qc5 19. Qh4 Rad8 20. Bc3 Rd5 21.
Qh6 Qxc3 22. Rxg6+ fxg6 23. dxc3 Rh5 24. Qxh5 gxh5 25. Rd1 Bc5 26. Re1 Bxa3 27.
g3 Rf3 28. Rd1 Bc5 29. Rd8+ Kg7 30. Rd7+ Rf7 31. Rd8 Bxe3+ 32. Kg2 Bb6 0-1

[Event "Michigan Open"]
[Site "Cadillac, MI"]
[Date "1999.09.??"]
[Round "1"]
[White "Fuller, William"]
[Black "Rosenberg, Steve"]
[Result "1-0"]
[WhiteElo "2103"]
[BlackElo "1821"]
[PlyCount "83"]
[EventDate "1999.09.03"]

1. d4 Nf6 2. c4 e5 3. dxe5 Ng4 4. Bf4 Nc6 5. Nf3 Bc5 6. e3 Qe7 7. a3 a5 8. Qd5
f6 9. exf6 Nxf6 10. Qg5 d6 11. Bd3 Be6 12. Nc3 h6 13. Bg6+ Bf7 14. Bxf7+ Qxf7
15. Qf5 Ne7 16. Qd3 O-O 17. O-O Ng6 18. Bg3 Rae8 19. Nd5 Nxd5 20. cxd5 Ne7 21.
Rad1 Nf5 22. Qb5 Bb6 23. a4 Qf6 24. Rd2 Re4 25. Qd3 Rxa4 26. e4 Nd4 27. e5
Nxf3+ 28. gxf3 dxe5 29. d6 cxd6 30. Qb3+ Kh8 31. Qxa4 Qxf3 32. Rxd6 Bd4 33.
Rxd4 exd4 34. Qxd4 b5 35. Be5 Rf7 36. Qd8+ Rf8 37. Qxa5 Qg4+ 38. Bg3 h5 39. h4
Rf3 40. Qd8+ Kh7 41. Qg5 Qxg5 42. hxg5 1-0

[Event "Michigan Open"]
[Site "Cadillac, MI"]
[Date "1999.09.??"]
[Round "4"]
[White "Fuller, William"]
[Black "Kulbacki, James"]
[Result "1-0"]
[WhiteElo "2103"]
[BlackElo "2028"]
[PlyCount "67"]
[EventDate "1999.09.03"]

1. d4 e6 2. c4 Nf6 3. a3 c5 4. d5 exd5 5. cxd5 d6 6. Nc3 g6 7. e4 Bg7 8. Nf3
O-O 9. Be2 a6 10. a4 Re8 11. Nd2 Nbd7 12. O-O g5 13. Nc4 Nxe4 14. Nxe4 Rxe4 15.
Nxd6 Rd4 16. Qb3 c4 17. Bxc4 Nc5 18. Qg3 Rg4 19. Nxf7 Kxf7 20. Qf3+ Qf6 21. Qe2
Re4 22. Be3 Kg6 23. b4 Rxc4 24. Qxc4 Nd7 25. f4 g4 26. Rae1 Nb6 27. Qc5 Nd7 28.
f5+ Kf7 29. Qc7 Qe5 30. d6 Qc3 31. Bc5 Bd4+ 32. Kh1 Bxc5 33. bxc5 Qc4 34. Qd8
1-0

[Event "Michigan Open"]
[Site "Cadillac, MI"]
[Date "1999.09.??"]
[Round "5"]
[White "Fuller, William"]
[Black "Ballicora, Miguel"]
[Result "0-1"]
[WhiteElo "2103"]
[BlackElo "2160"]
[PlyCount "98"]
[EventDate "1999.09.03"]

1. d4 Nf6 2. Nf3 e6 3. Bg5 d5 4. Nbd2 Be7 5. e3 c5 6. c3 Nbd7 7. Bd3 b6 8. Ne5
Nxe5 9. dxe5 Nd7 10. Bxe7 Qxe7 11. f4 f6 12. Qh5+ Qf7 13. Qxf7+ Kxf7 14. O-O
fxe5 15. fxe5+ Ke7 16. Nf3 Bb7 17. Bb5 Raf8 18. Bxd7 Kxd7 19. Ng5 Ke7 20. b4
Ba6 21. Rxf8 Rxf8 22. Nf3 Bd3 23. a4 Be4 24. Kf2 cxb4 25. cxb4 Bxf3 26. gxf3
Rc8 27. Ra3 Rc2+ 28. Kg3 a6 29. a5 b5 30. Rd3 Rc4 31. Rd4 Rc3 32. e4 Rc4 33.
Rd2 d4 34. Rb2 d3 35. Rd2 Rd4 36. Kf4 Rxb4 37. Rxd3 Ra4 38. Rc3 Rxa5 39. Rc7+
Kf8 40. Kg5 Ra2 41. Rc8+ Ke7 42. h4 b4 43. Rc7+ Kd8 44. Rc6 Ra5 45. Rxe6 b3 46.
Rd6+ Ke7 47. Rd2 Rxe5+ 48. Kf4 Rb5 49. Rb2 a5 0-1

[Event "Michigan Open"]
[Site "Cadillac, MI"]
[Date "1999.09.??"]
[Round "5"]
[White "Fischvogt, Eric"]
[Black "Hankinson, Chris"]
[Result "1/2-1/2"]
[WhiteElo "2200"]
[BlackElo "2014"]
[PlyCount "71"]
[EventDate "1999.09.03"]

1. e4 e5 2. f4 exf4 3. Bc4 Qh4+ 4. Kf1 d5 5. exd5 Bd6 6. Nc3 Ne7 7. Ne4 Nd7 8.
Nf3 Qh5 9. Nxd6+ cxd6 10. Qe2 g5 11. d4 Kd8 12. Bd2 Nf5 13. Re1 g4 14. Ng1 f3
15. gxf3 Nf6 16. Bf4 Re8 17. fxg4 Rxe2 18. gxh5 Rxe1+ 19. Kxe1 Nxh5 20. Bd2
Nxd4 21. c3 Nf5 22. Nf3 Ke7 23. Kf2 f6 24. Re1+ Kf7 25. Bb5 Ne7 26. Nd4 Ng7 27.
c4 a6 28. Ba4 b5 29. cxb5 axb5 30. Bb3 Bd7 31. Bf4 Ra6 32. Rc1 Ne8 33. a3 Ng6
34. Bg3 Ne5 35. Ke3 Ra7 36. Kd2 1/2-1/2

[Event "Michigan Open"]
[Site "Cadillac, MI"]
[Date "1999.09.??"]
[Round "3"]
[White "Fischvogt, Eric"]
[Black "Fuller, William"]
[Result "1/2-1/2"]
[WhiteElo "2200"]
[BlackElo "2103"]
[PlyCount "72"]
[EventDate "1999.09.03"]

1. e4 c5 2. Nc3 Nc6 3. g3 d6 4. Bg2 g6 5. d3 Bg7 6. Nge2 Nf6 7. O-O O-O 8. h3
Bd7 9. Be3 Qc8 10. Kh2 a6 11. Qd2 Re8 12. Bh6 Bh8 13. f4 Nh5 14. f5 Be5 15. Nf4
Nxf4 16. gxf4 Bg7 17. Bxg7 Kxg7 18. fxg6 hxg6 19. f5 Rh8 20. Nd5 Qd8 21. Rf3 f6
22. fxg6 Ne5 23. Rg3 Rh6 24. Nf4 Qb6 25. c3 Rah8 26. Nd5 Qd8 27. Ne3 Bxh3 28.
Kg1 Qd7 29. Rf1 b5 30. d4 Nc4 31. Nxc4 bxc4 32. dxc5 Bxg2 33. Rxg2 Qc6 34. Qd5
Qxd5 35. exd5 Rh1+ 36. Kf2 dxc5 1/2-1/2

[Event "Michigan Open"]
[Site "Cadillac, MI"]
[Date "1999.09.??"]
[Round "1"]
[White "Czuhai, Kevin"]
[Black "Jarosz, Stan"]
[Result "1-0"]
[WhiteElo "2257"]
[BlackElo "2025"]
[PlyCount "65"]
[EventDate "1999.09.03"]

1. e4 e6 2. Nf3 d5 3. Nc3 Nf6 4. e5 Nfd7 5. d4 c5 6. dxc5 Nc6 7. Bf4 Bxc5 8.
Bd3 f6 9. exf6 Nxf6 10. O-O O-O 11. Qe2 Bd7 12. a3 Qe8 13. b4 Nd4 14. Nxd4 Bxd4
15. Be5 Bxe5 16. Qxe5 Rc8 17. Ne2 Qf7 18. h3 Ba4 19. Nd4 Rfe8 20. Rac1 Nd7 21.
Qg3 e5 22. Bb5 Bxb5 23. Nxb5 Qf6 24. Nxa7 Rc4 25. Rfd1 d4 26. Qb3 Qe6 27. Nb5
Rec8 28. a4 Nf6 29. Re1 Nd5 30. c3 dxc3 31. Red1 Kh8 32. Rd3 Qf7 33. Nd6 1-0

[Event "Michigan Open"]
[Site "Cadillac, MI"]
[Date "1999.09.??"]
[Round "7"]
[White "Czuhai, Kevin"]
[Black "Fischvogt, Eric"]
[Result "0-1"]
[WhiteElo "2257"]
[BlackElo "2200"]
[PlyCount "121"]
[EventDate "1999.09.03"]

1. e4 e6 2. d4 d5 3. e5 c5 4. c3 Nc6 5. a3 cxd4 6. cxd4 Qb6 7. Nf3 Bd7 8. b4
Nge7 9. Be2 Nf5 10. Bb2 Rc8 11. O-O Na5 12. Nbd2 Nc4 13. Nxc4 dxc4 14. Rc1 a5
15. Bxc4 axb4 16. Qb3 Be7 17. d5 exd5 18. Bxd5 O-O 19. axb4 Qxb4 20. Qxb4 Bxb4
21. Bxb7 Rb8 22. Bd5 Bb5 23. Bc4 Bxc4 24. Rxc4 Rfc8 25. Rfc1 Ne7 26. g3 Rxc4
27. Rxc4 Ng6 28. Kg2 Nf8 29. Bd4 Be7 30. Ba7 Ra8 31. Rc7 Bd8 32. Rb7 f6 33. Bd4
Ne6 34. exf6 Bxf6 35. Bxf6 gxf6 36. Re7 Ra6 37. h4 h5 38. Rb7 Rd6 39. Kh3 Ng7
40. Nh2 Rd2 41. f3 Kh7 42. g4 hxg4+ 43. fxg4 Rd3+ 44. Kg2 Rd6 45. Nf1 Kg6 46.
Ne3 Ra6 47. Rb5 Ra2+ 48. Kg3 Ra6 49. h5+ Kh6 50. Kh4 Kh7 51. Rb7 Kg8 52. h6 Ne6
53. Nd5 Nf8 54. Rg7+ Kh8 55. Nf4 Ra4 56. Nd5 Ra6 57. Rf7 Nh7 58. Ne7 f5 59. g5
Re6 60. Kh5 f4 61. Ng6+ 0-1

[Event "Michigan Open"]
[Site "Cadillac, MI"]
[Date "1999.09.??"]
[Round "5"]
[White "Czuhai, Kevin"]
[Black "Chehayeb, Sal"]
[Result "1-0"]
[WhiteElo "2257"]
[BlackElo "2003"]
[PlyCount "49"]
[EventDate "1999.09.03"]

1. e4 c5 2. Nf3 d6 3. Bb5+ Bd7 4. Bxd7+ Qxd7 5. O-O Nc6 6. c3 Nf6 7. d4 cxd4 8.
cxd4 Nxe4 9. d5 Nb8 10. Re1 Nf6 11. Bg5 h6 12. Bxf6 gxf6 13. Nd4 Na6 14. Nc3
O-O-O 15. Qf3 Rg8 16. h3 Rg5 17. Rac1 Kb8 18. b4 Rc8 19. a3 Re5 20. Red1 h5 21.
Qf4 Bg7 22. Qg3 Bh6 23. f4 Rxc3 24. Rxc3 Rxd5 25. Qg8+ 1-0

[Event "Michigan Open"]
[Site "Cadillac, MI"]
[Date "1999.09.??"]
[Round "3"]
[White "Czuhai, Kevin"]
[Black "Ballicora, Miguel"]
[Result "1/2-1/2"]
[WhiteElo "2257"]
[BlackElo "2160"]
[PlyCount "81"]
[EventDate "1999.09.03"]

1. e4 c5 2. Nf3 Nc6 3. Bb5 g6 4. O-O Bg7 5. Re1 Nf6 6. e5 Nd5 7. Nc3 Nc7 8. Bc4
O-O 9. d3 b6 10. Bf4 Bb7 11. Qd2 Na5 12. Ne4 Nxc4 13. dxc4 Ne6 14. Bh6 Qc7 15.
Bxg7 Kxg7 16. Rad1 Rad8 17. Qc3 Bc6 18. Qe3 Qb7 19. c3 Bxe4 20. Qxe4 Qxe4 21.
Rxe4 d6 22. exd6 Rxd6 23. Rxd6 exd6 24. Re2 Rd8 25. Rd2 f5 26. g3 Kf6 27. h4 h6
28. Kg2 Rd7 29. Ne1 Nd8 30. Nc2 Nc6 31. f4 Ne7 32. Ne3 Ke6 33. Re2 Kf7 34. Rd2
Ng8 35. g4 fxg4 36. Nxg4 Ke6 37. Kf3 h5 38. Ne3 Nh6 39. Rg2 Kf7 40. Rg5 Re7 41.
Rg1 1/2-1/2

[Event "Michigan Open"]
[Site "Cadillac, MI"]
[Date "1999.09.??"]
[Round "3"]
[White "Ciaffone, Bob"]
[Black "Pray, Don"]
[Result "1/2-1/2"]
[WhiteElo "2200"]
[BlackElo "2018"]
[PlyCount "102"]
[EventDate "1999.09.03"]

1. d4 Nf6 2. c4 e5 3. dxe5 Ne4 4. Nf3 Bb4+ 5. Nbd2 Nc6 6. e3 Qe7 7. Be2 Nxe5 8.
O-O Nxd2 9. Nxd2 O-O 10. Nb3 d6 11. a3 Bc5 12. Nxc5 dxc5 13. Qc2 Rd8 14. b3 Bd7
15. Bb2 Bc6 16. Qc3 f6 17. Rad1 Qf7 18. f3 Qg6 19. e4 b6 20. Qe3 Bb7 21. Qf4
Qe8 22. Qg3 Qe7 23. Bc3 Nc6 24. Qf2 Rxd1 25. Rxd1 Rd8 26. Rxd8+ Qxd8 27. b4 Qd6
28. bxc5 Qxc5 29. Qxc5 bxc5 30. Kf2 Kf7 31. Ke3 Ba6 32. f4 h6 33. Kd3 Ke7 34.
e5 f5 35. Bf3 Nd8 36. Bd2 Ne6 37. Be3 Bc8 38. g3 Bd7 39. Bd5 g6 40. Kc3 a5 41.
h4 h5 42. Bxe6 Kxe6 43. Bxc5 Ba4 44. Bf2 Bd1 45. Kd4 Bb3 46. Be1 a4 47. Kc5 Ba2
48. Ba5 c6 49. Bc7 Bb3 50. Bd6 Ba2 51. Kb4 Bb3 1/2-1/2

[Event "Michigan Open"]
[Site "Cadillac, MI"]
[Date "1999.09.??"]
[Round "1"]
[White "Ciaffone, Bob"]
[Black "Garrison, Ray"]
[Result "1-0"]
[WhiteElo "2200"]
[BlackElo "1938"]
[PlyCount "115"]
[EventDate "1999.09.03"]

1. d4 e5 2. e4 exd4 3. Nf3 d5 4. exd5 Qxd5 5. Qxd4 Qxd4 6. Nxd4 Bc5 7. Nb5 Bb4+
8. N1c3 Na6 9. Bf4 Nf6 10. O-O-O O-O 11. Bc4 Bf5 12. a3 Bc5 13. f3 Rfe8 14. Nd4
Bxd4 15. Rxd4 Nc5 16. Bxc7 Ne6 17. Bxe6 Rxe6 18. Rhd1 Rae8 19. Bg3 Rc6 20. R1d2
Rec8 21. Rd8+ Ne8 22. Rxc8 Rxc8 23. Nb5 a6 24. Nd4 Bg6 25. b3 Nc7 26. Bxc7 Rxc7
27. Kb2 Kf8 28. c4 Re7 29. Re2 Rd7 30. Kc3 f6 31. Re3 Kf7 32. g3 Kf8 33. Ne6+
Kf7 34. Nf4 Rd1 35. Nxg6 hxg6 36. h4 Rg1 37. f4 g5 38. hxg5 fxg5 39. fxg5 Kg6
40. Kd4 Kxg5 41. Kc5 Rf1 42. Kb6 Rf7 43. c5 Kg4 44. b4 g5 45. a4 Kh3 46. c6
bxc6 47. Kxa6 g4 48. Rc3 Rf3 49. Rxc6 Kxg3 50. b5 Kf2 51. b6 g3 52. b7 Rb3 53.
a5 g2 54. Rc2+ Kf3 55. Rxg2 Kxg2 56. Ka7 Kf3 57. b8=Q Rxb8 58. Kxb8 1-0

[Event "Michigan Open"]
[Site "Cadillac, MI"]
[Date "1999.09.??"]
[Round "4"]
[White "Chehayeb, Sal"]
[Black "Vandivier, Don"]
[Result "1-0"]
[WhiteElo "2003"]
[BlackElo "1911"]
[PlyCount "65"]
[EventDate "1999.09.03"]

1. e4 c5 2. Nf3 Nc6 3. d4 cxd4 4. Nxd4 Nf6 5. Nc3 g6 6. Be3 Bg7 7. f3 O-O 8.
Bc4 Qb6 9. Ncb5 a6 10. Nf5 Qd8 11. Nbd4 gxf5 12. Nxf5 Ne5 13. Bb3 e6 14. Nxg7
Kxg7 15. Qd4 Nc6 16. Qd2 Ng8 17. h4 f5 18. exf5 Rxf5 19. O-O-O Na5 20. Bxe6 Rf8
21. Bd4+ Nf6 22. Qg5+ Kh8 23. Bc3 Nc6 24. Rhe1 b5 25. Bd5 Bb7 26. Bxc6 Bxc6 27.
Rd6 b4 28. Bxf6+ Rxf6 29. Qxf6+ Qxf6 30. Rxf6 Kg7 31. Rf4 a5 32. Re7+ Kg6 33.
Rg4+ 1-0

[Event "Michigan Open"]
[Site "Cadillac, MI"]
[Date "1999.09.??"]
[Round "2"]
[White "Chehayeb, Sal"]
[Black "Calton, Bill"]
[Result "0-1"]
[WhiteElo "2003"]
[BlackElo "2222"]
[PlyCount "54"]
[EventDate "1999.09.03"]

1. e4 Nf6 2. e5 Nd5 3. d4 d6 4. c4 Nb6 5. f4 dxe5 6. fxe5 c5 7. d5 e6 8. Nc3
exd5 9. cxd5 c4 10. g3 Bb4 11. Bg2 O-O 12. Nge2 N8d7 13. e6 Nc5 14. O-O fxe6
15. Rxf8+ Qxf8 16. d6 Nd3 17. Nf4 Bc5+ 18. Kf1 e5 19. Ne4 exf4 20. Nxc5 fxg3+
21. Kg1 gxh2+ 22. Kxh2 Qxd6+ 23. Kg1 Qxc5+ 24. Kh2 Qe5+ 25. Kg1 Qd4+ 26. Kh2
Qh4+ 27. Kg1 Bg4 0-1